00856 2200229 4500001002100000005001700021008004100038035002500079040001200104082001500116084002000131100001800151245016200169260006200331300003000393500010400423504002900527650001700556700002300573850001200596990001800608INLIS00000000000976620150811170326.0  a0010-081500000001204 aYOPDYOG 223a297.74 aSK 297.74 Ema M aEMA Fitriasih aManajemen pada unit bina ruhani Islam dalam memberikan pelayanan ruhani terhadap pasien di RS PKU Muhammadiyah Yogyakartab: (Analisis SWOT)c/ Ema Fitriasih aYogyakartabUniversitas Islam Negeri Sunan Kalijagac2008 axi, 99 lembarc; 29,5 cm. aSkripsi Jurusan Manajemen Dakwah Fakultas Dakwah Universitas Islam Negeri Sunan Kalijaga Yogyakarta aBibliografi : hlm. 98-99 aDakwah Islam aHASAN Baihaqi A.F. aYOPDYOG a47932-PD/A.15